[Event "Pan American-ch U14 Girls"]
[Site "Montevideo"]
[Date "2022.06.27"]
[Round "2"]
[White "Brito Marquez, Sophia Valentina"]
[Black "Diaz Bartolo, Elizabeth Schahraza"]
[Result "0-1"]
[WhiteElo "1215"]
[BlackElo "1549"]
[PlyCount "68"]
[EventDate "2022.06.26"]
[EventType "swiss"]
[EventRounds "9"]
[EventCountry "URU"]
[SourceTitle "EXT 2023"]
[Source "ChessBase"]
[SourceDate "2022.10.05"]
[SourceVersion "1"]
[SourceVersionDate "2022.10.05"]
[SourceQuality "1"]

1. d4 Nf6 2. e3 g6 3. Bd3 Bg7 4. c3 0-0 5. Nf3 d6 6. Nbd2 Nc6 7. e4 e5 8. d5 Ne7 9. 0-0 Ne8 10. Qb3 h6 11. c4 f5 12. c5 f4 13. cxd6 cxd6 14. Nc4 g5 15. Nfd2 g4 16. f3 h5 17. Re1 Ng6 18. Re2 Nh4 19. Bc2 b6 20. Qa3 Rf6 21. Rf2 Rg6 22. g3 gxf3 23. Nxf3 fxg3 24. hxg3 Rxg3+ 25. Kh1 Bg4 26. Bd1 Nxf3 27. Bxf3 Bxf3+ 28. Qxf3 Rxf3 29. Rxf3 Qh4+ 30. Kg2 Qxe4 31. b3 Qxd5 32. Ne3 Qd4 33. Rb1 Nf6 34. Rg3 Qe4+ 0-1